Meest voorkomende familienamen in België - Statistieken

Algemene statistieken
  • Deze quiz is 286 keer genomen
  • De gemiddelde score is 5 van 20
Antwoordstatistieken
Aantal Naam % Correct
28.773 Janssens
82%
31.304 Peeters
80%
24.735 Maes
35%
13.577 De Smet
30%
17.851 Willems
25%
17.988 Mertens
24%
19.229 Jacobs
20%
15.896 Claes
19%
10.861 Martens
19%
15.107 Wouters
19%
12.471 Dubois
17%
12.159 Aerts
16%
10.248 De Vos
14%
12.958 Vermeulen
14%
15.342 Goossens
11%
12.317 Hermans
11%
12.798 Pauwels
11%
11.385 Michiels
10%
11.285 Lambert
9%
10.172 Smets
9%
Geen overeenkomende quizzen gevonden
Scoreverdeling
Procent van Mensen met Elke Score
Percentiel versus Aantal Correcte Antwoorden
Uw Scoregeschiedenis
U heeft deze quiz nog niet genomen